[Event "EU-ch U14 30th"]
[Site "Antalya"]
[Date "2022.11.13"]
[Round "8"]
[White "Tabuenca Mendataurigoitia, Daniel"]
[Black "Trevisiol, Antoine"]
[Result "1-0"]
[WhiteElo "2185"]
[BlackElo "1983"]
[PlyCount "65"]
[EventDate "2022.11.06"]
[EventType "swiss"]
[EventRounds "9"]
[EventCountry "TUR"]
[SourceTitle "EXT 2024"]
[Source "ChessBase"]
[SourceDate "2023.10.10"]
[SourceVersion "1"]
[SourceVersionDate "2023.10.10"]
[SourceQuality "1"]

1. e4 c6 2. Nf3 d5 3. d3 g6 4. Qe2 Bg7 5. g3 d4 6. c3 c5 7. cxd4 cxd4 8. b4 Nc6 9. Qb2 Bg4 10. Nbd2 e5 11. Bg2 a5 12. bxa5 Nxa5 13. 0-0 Ne7 14. Nb3 Nac6 15. Bd2 0-0 16. a4 b6 17. h3 Bd7 18. Rfb1 h6 19. Nc1 Nc8 20. Ra3 Re8 21. Ne1 f5 22. exf5 gxf5 23. Ne2 e4 24. Qc1 Qf6 25. Nf4 Qd6 26. Rb5 e3 27. fxe3 dxe3 28. Bc3 Bxc3 29. Rxc3 N8a7 30. Rd5 Qe7 31. Rxd7 Qxd7 32. Bxc6 Nxc6 33. Rxc6 1-0

[Event "FRA Top 16 Lower Pool U16"]
[Site "France"]
[Date "2022.06.06"]
[Round "4.3"]
[White "Trevisiol, Antoine"]
[Black "Kufferath, Camille"]
[Result "1-0"]
[WhiteElo "2072"]
[BlackElo "1901"]
[PlyCount "25"]
[EventDate "2022.06.04"]
[EventType "tourn"]
[EventRounds "4"]
[EventCountry "FRA"]
[SourceTitle "EXT 2023"]
[Source "ChessBase"]
[SourceDate "2022.10.05"]
[SourceVersion "1"]
[SourceVersionDate "2022.10.05"]
[SourceQuality "1"]

1. b3 e5 2. Bb2 d6 3. e3 Be7 4. c4 Nc6 5. Nc3 Nf6 6. g3 Bf5 7. Bg2 Nb4 8. Kf1 Nd3 9. Ba3 e4 10. f3 d5 11. Bxe7 Qxe7 12. cxd5 0-0 13. Nge2 1-0

[Event "FRA-ch U14"]
[Site "Agen"]
[Date "2022.04.24"]
[Round "9"]
[White "Kufferath, Camille"]
[Black "Trevisiol, Antoine"]
[Result "1/2-1/2"]
[WhiteElo "1758"]
[BlackElo "2048"]
[PlyCount "76"]
[EventDate "2022.04.16"]
[EventType "swiss"]
[EventRounds "9"]
[EventCountry "FRA"]
[SourceTitle "EXT 2023"]
[Source "ChessBase"]
[SourceDate "2022.10.05"]
[SourceVersion "1"]
[SourceVersionDate "2022.10.05"]
[SourceQuality "1"]

1. Nf3 d5 2. g3 Nf6 3. Bg2 Nbd7 4. 0-0 g6 5. c4 c6 6. cxd5 cxd5 7. d4 Bg7 8. Nc3 0-0 9. Bf4 b6 10. Ne5 Bb7 11. Qb3 e6 12. Nb5 Nxe5 13. Bxe5 Qd7 14. Rfc1 Bc6 15. a4 Ne8 16. Bxg7 Kxg7 17. Qb4 a6 18. Nc3 Nd6 19. b3 b5 20. a5 Rfc8 21. Nd1 Rc7 22. Nb2 Rac8 23. Nd3 Qe7 24. Nc5 Bb7 25. Rc3 Nf5 26. Rac1 e5 27. e3 e4 28. Bh3 Kg8 29. Kf1 h5 30. Bxf5 gxf5 31. h4 Rc6 32. Ke1 R8c7 33. Kd2 Bc8 34. Kc2 Qd6 35. Kb2 Qg6 36. R1c2 Kh7 37. Ka3 Kg8 38. Kb2 Kh7 1/2-1/2

[Event "FRA-ch Blitz Online Qual"]
[Site "Europe Echecs INT"]
[Date "2020.05.16"]
[Round "13"]
[White "Afraoui, Solenn"]
[Black "Trevisiol, Antoine"]
[Result "0-1"]
[WhiteElo "1889"]
[BlackElo "1788"]
[PlyCount "102"]
[EventDate "2020.05.16"]
[EventType "swiss (blitz)"]
[EventRounds "15"]
[EventCountry "FRA"]
[SourceTitle "CBM 196 Extra"]
[Source "ChessBase"]
[SourceDate "2020.07.31"]
[SourceVersion "1"]
[SourceVersionDate "2020.07.31"]
[SourceQuality "1"]

1. e4 e6 2. d4 d5 3. Nc3 Bb4 4. e5 c5 5. Bd2 cxd4 6. Nb5 Bc5 7. b4 Bf8 8. Nxd4 Nc6 9. Nxc6 bxc6 10. Nf3 Qb6 11. Bd3 Ba6 12. 0-0 Ne7 13. a4 Bxd3 14. cxd3 Ng6 15. d4 Be7 16. Rb1 a6 17. Qc2 0-0 18. Rfc1 Rfc8 19. Qa2 Rab8 20. h3 Qa7 21. Qa1 Nh4 22. Nxh4 Bxh4 23. Qa3 Qxd4 24. Bc3 Qxf2+ 25. Kh1 c5 26. Be1 Qf4 27. Bxh4 Qxh4 28. bxc5 Rxb1 29. Rxb1 Qd4 30. Qb3 h6 31. c6 Qxe5 32. Qb7 Qc7 33. Qxa6 Qxc6 34. Qxc6 Rxc6 35. Rb8+ Kh7 36. Ra8 Rc1+ 37. Kh2 Ra1 38. a5 Kg6 39. a6 d4 40. a7 e5 41. h4 Ra3 42. Kg1 Kf5 43. Kf2 g6 44. Ke2 h5 45. Kd2 Ke4 46. Ke2 Ra2+ 47. Kd1 Kd3 48. Kc1 e4 49. Kb1 Ra4 50. Kc1 e3 51. Kd1 Ra1# 0-1

[Event "FRA-ch Blitz Online Qual"]
[Site "Europe Echecs INT"]
[Date "2020.05.16"]
[Round "3"]
[White "Babaud, Antoine"]
[Black "Trevisiol, Antoine"]
[Result "0-1"]
[WhiteElo "1943"]
[BlackElo "1788"]
[PlyCount "84"]
[EventDate "2020.05.16"]
[EventType "swiss (blitz)"]
[EventRounds "15"]
[EventCountry "FRA"]
[SourceTitle "CBM 196 Extra"]
[Source "ChessBase"]
[SourceDate "2020.07.31"]
[SourceVersion "1"]
[SourceVersionDate "2020.07.31"]
[SourceQuality "1"]

1. d4 Nf6 2. c4 c5 3. d5 b5 4. cxb5 a6 5. b6 d6 6. Nc3 g6 7. e4 Qxb6 8. Nf3 Bg4 9. Be2 Nbd7 10. 0-0 Bg7 11. Rb1 0-0 12. Be3 Ne8 13. Qc2 Qa5 14. h3 Bxf3 15. Bxf3 Nc7 16. Bd2 Rab8 17. Be2 Qb6 18. Na4 Qa7 19. a3 Rfc8 20. Rfc1 Nb5 21. Qd1 Nd4 22. Nc3 Rc7 23. b4 cxb4 24. axb4 Rcb7 25. Na2 Ne5 26. Be3 Nxe2+ 27. Qxe2 Qa8 28. Rc2 a5 29. b5 a4 30. b6 Qa5 31. Nc3 a3 32. Ra1 Nd7 33. Qd3 Nxb6 34. Raa2 Na4 35. Nxa4 Qxa4 36. Qxa3 Rb1+ 37. Kh2 Qxe4 38. Qa5 Be5+ 39. f4 Bxf4+ 40. Bxf4 Qxf4+ 41. g3 Qf1 42. g4 Qg1# 0-1

[Event "FRA-ch Blitz Online Qual"]
[Site "Europe Echecs INT"]
[Date "2020.05.16"]
[Round "11"]
[White "Bregnac, Tristan"]
[Black "Trevisiol, Antoine"]
[Result "1-0"]
[WhiteElo "2047"]
[BlackElo "1788"]
[PlyCount "75"]
[EventDate "2020.05.16"]
[EventType "swiss (blitz)"]
[EventRounds "15"]
[EventCountry "FRA"]
[SourceTitle "CBM 196 Extra"]
[Source "ChessBase"]
[SourceDate "2020.07.31"]
[SourceVersion "1"]
[SourceVersionDate "2020.07.31"]
[SourceQuality "1"]

1. e4 e6 2. d4 d5 3. Nc3 Bb4 4. e5 c5 5. a3 Bxc3+ 6. bxc3 Qc7 7. Bd2 Nc6 8. Nf3 Nge7 9. h4 Nf5 10. Bd3 Nfe7 11. h5 h6 12. 0-0 Bd7 13. Rb1 Rb8 14. Nh4 c4 15. Be2 b5 16. f4 Nf5 17. Nxf5 exf5 18. Bf3 Be6 19. Qe1 Qe7 20. Kf2 Qxa3 21. Ra1 Qe7 22. Ra6 Kd7 23. Ke2 Rb7 24. Qg3 Rg8 25. Rfa1 Kc7 26. Bc1 Rb6 27. R6a2 Qd7 28. Ba3 Kb7 29. Bc5 Qc7 30. Qe1 Nb8 31. Rxa7+ Kc6 32. Rxc7+ Kxc7 33. Bxb6+ Kxb6 34. Qb1 Nc6 35. Qa2 Nb8 36. Qa7+ Kc6 37. Qc5+ Kb7 38. Ra7# 1-0

[Event "FRA-ch Blitz Online Qual"]
[Site "Europe Echecs INT"]
[Date "2020.05.16"]
[Round "1"]
[White "Le Goff, Ronan"]
[Black "Trevisiol, Antoine"]
[Result "1-0"]
[WhiteElo "2267"]
[BlackElo "1788"]
[PlyCount "57"]
[EventDate "2020.05.16"]
[EventType "swiss (blitz)"]
[EventRounds "15"]
[EventCountry "FRA"]
[SourceTitle "CBM 196 Extra"]
[Source "ChessBase"]
[SourceDate "2020.07.31"]
[SourceVersion "1"]
[SourceVersionDate "2020.07.31"]
[SourceQuality "1"]

1. d4 Nf6 2. Nf3 d5 3. c4 c6 4. Qc2 e6 5. Nbd2 Nbd7 6. g3 Be7 7. Bg2 0-0 8. 0-0 b6 9. e4 dxe4 10. Nxe4 Bb7 11. Rd1 Qc7 12. Bf4 Qd8 13. Nd6 Bxd6 14. Bxd6 Re8 15. Ne5 Rc8 16. Qa4 Nf8 17. Qxa7 Qxd6 18. Qxb7 c5 19. Qxf7+ Kh8 20. Qxf6 gxf6 21. Nf7+ Kg7 22. Nxd6 Red8 23. Nxc8 Rxc8 24. dxc5 Rxc5 25. b3 b5 26. cxb5 Rxb5 27. Rac1 Kg6 28. h4 f5 29. Rd8 1-0

[Event "FRA-ch Blitz Online Qual"]
[Site "Europe Echecs INT"]
[Date "2020.05.16"]
[Round "8"]
[White "Trevisiol, Antoine"]
[Black "Bouget, Alexandre"]
[Result "0-1"]
[WhiteElo "1788"]
[BlackElo "2238"]
[PlyCount "66"]
[EventDate "2020.05.16"]
[EventType "swiss (blitz)"]
[EventRounds "15"]
[EventCountry "FRA"]
[SourceTitle "CBM 196 Extra"]
[Source "ChessBase"]
[SourceDate "2020.07.31"]
[SourceVersion "1"]
[SourceVersionDate "2020.07.31"]
[SourceQuality "1"]

1. d4 Nf6 2. c4 g6 3. Nc3 d5 4. cxd5 Nxd5 5. Bd2 Bg7 6. e4 Nxc3 7. Bxc3 c5 8. d5 Bxc3+ 9. bxc3 Qd6 10. Qd2 e6 11. Bb5+ Bd7 12. Bxd7+ Nxd7 13. Nf3 exd5 14. exd5 0-0 15. 0-0 b5 16. Rab1 a6 17. Rfe1 Nf6 18. Rbd1 Rfe8 19. Rxe8+ Rxe8 20. Qh6 Re4 21. h3 Re2 22. Ng5 Qf4 23. Rf1 Re5 24. d6 Rxg5 25. Rd1 Rxg2+ 26. Kxg2 Qxh6 27. d7 Qg5+ 28. Kf1 Nxd7 29. Rxd7 Qc1+ 30. Kg2 Qxc3 31. Rd8+ Kg7 32. Ra8 a5 33. Rb8 Qc4 0-1

[Event "FRA-ch Blitz Online Qual"]
[Site "Europe Echecs INT"]
[Date "2020.05.16"]
[Round "2"]
[White "Trevisiol, Antoine"]
[Black "De Nave, Julien"]
[Result "1-0"]
[WhiteElo "1788"]
[BlackElo "1177"]
[PlyCount "53"]
[EventDate "2020.05.16"]
[EventType "swiss (blitz)"]
[EventRounds "15"]
[EventCountry "FRA"]
[SourceTitle "CBM 196 Extra"]
[Source "ChessBase"]
[SourceDate "2020.07.31"]
[SourceVersion "1"]
[SourceVersionDate "2020.07.31"]
[SourceQuality "1"]

1. d4 Nf6 2. c4 g6 3. Nc3 d5 4. cxd5 Nxd5 5. Bd2 Bg7 6. e4 Nxc3 7. Bxc3 e6 8. Bc4 b6 9. Nf3 Bb7 10. Qc2 Nc6 11. Rd1 Qe7 12. d5 Bxc3+ 13. Qxc3 Ne5 14. Qxe5 Rg8 15. 0-0 0-0-0 16. dxe6 Rxd1 17. Rxd1 fxe6 18. Qxe6+ Qxe6 19. Bxe6+ Kb8 20. Bxg8 Bxe4 21. Rd8+ Kb7 22. Bd5+ Bxd5 23. Rxd5 c6 24. Rd7+ Ka6 25. Nd4 Ka5 26. a3 c5 27. Rxa7# 1-0

[Event "Montigny le Bretonneux op 22nd"]
[Site "Montigny le Bretonneux"]
[Date "2018.05.13"]
[Round "9"]
[White "Sondermeijer, Damien"]
[Black "Trevisiol, Antoine"]
[Result "0-1"]
[WhiteElo "1414"]
[BlackElo "1404"]
[PlyCount "78"]
[EventDate "2018.05.10"]
[EventType "swiss"]
[EventRounds "9"]
[EventCountry "FRA"]
[SourceTitle "CBM 184 Extra"]
[Source "ChessBase"]
[SourceDate "2018.06.28"]
[SourceVersion "1"]
[SourceVersionDate "2018.06.28"]
[SourceQuality "1"]

1. e4 e6 2. d4 d5 3. e5 c5 4. c3 Qb6 5. Nf3 Bd7 6. Bd3 Bb5 7. 0-0 Nc6 8. a3 a5 9. Qe2 Bxd3 10. Qxd3 Nge7 11. g4 cxd4 12. cxd4 Ng6 13. Nc3 a4 14. Qb5 Qxb5 15. Nxb5 Ra5 16. Nc3 Be7 17. Bd2 h6 18. Rac1 Kd7 19. Rc2 Raa8 20. Rfc1 Nh4 21. Nxh4 Nxd4 22. Ng2 Nxc2 23. Rxc2 Rhc8 24. Rc1 Rc4 25. Ne3 Rc5 26. h3 d4 27. Ncd5 exd5 28. Rxc5 dxe3 29. Rxd5+ Ke6 30. Rd3 exd2 31. Rxd2 Kxe5 32. f4+ Kxf4 33. Rf2+ Ke3 34. Rxf7 Bf6 35. Rxb7 Rc8 36. b3 Kf3 37. Rf7 axb3 38. Rb7 Rc1+ 39. Kh2 Be5# 0-1

[Event "Montigny le Bretonneux op 22nd"]
[Site "Montigny le Bretonneux"]
[Date "2018.05.10"]
[Round "2"]
[White "Branson, James"]
[Black "Trevisiol, Antoine"]
[Result "1-0"]
[WhiteElo "1516"]
[BlackElo "1404"]
[PlyCount "93"]
[EventDate "2018.05.10"]
[EventType "swiss"]
[EventRounds "9"]
[EventCountry "FRA"]
[SourceTitle "CBM 184 Extra"]
[Source "ChessBase"]
[SourceDate "2018.06.28"]
[SourceVersion "1"]
[SourceVersionDate "2018.06.28"]
[SourceQuality "1"]

1. e4 e6 2. d4 d5 3. Nd2 Nf6 4. e5 Nfd7 5. Bd3 c5 6. c3 Nc6 7. Ne2 Qb6 8. Nf3 Be7 9. 0-0 0-0 10. a3 a5 11. Bc2 c4 12. Rb1 Re8 13. Ng5 Nf8 14. Ng3 Bxg5 15. Bxg5 Bd7 16. Qg4 Ng6 17. h4 Qc7 18. h5 Ngxe5 19. dxe5 Nxe5 20. Qh4 Qb6 21. Qd4 Qxd4 22. cxd4 Nc6 23. Be3 b5 24. Ne2 b4 25. f4 a4 26. Rf3 bxa3 27. bxa3 Na5 28. Bd2 Nb3 29. Bb4 Rab8 30. Bxb3 cxb3 31. Rc3 Rec8 32. Kf2 Bb5 33. Rxc8+ Rxc8 34. Nc3 Bd7 35. Ke3 f6 36. Kd2 Rc4 37. Bc5 Kf7 38. Rb2 g6 39. hxg6+ hxg6 40. g3 g5 41. Nd1 e5 42. fxe5 fxe5 43. Ne3 exd4 44. Nxc4 dxc4 45. Bxd4 Bg4 46. Kc3 Be6 47. Rf2+ 1-0